Die Universitätsstadt Greifswald am Ende des 18. Jahrhunderts und in der ersten Hälfte des 19. Jahrhunderts - Ort kultureller Provinzialität in Pommern?

Titel: Die Universitätsstadt Greifswald am Ende des 18. Jahrhunderts und in der ersten Hälfte des 19. Jahrhunderts - Ort kultureller Provinzialität in Pommern?
Verfasser:
In: Pommern, (1996), Seite 243-253
alle Artikel anzeigen
Veröffentlicht: 1996
Format: Aufsatz
Sprache: Deutsch
Kein Bild verfügbar
X
alg: 39206369
001A    $01999:11-11-16 
001B    $01999:16-05-21 $t20:22:26.000 
001D    $01999:11-11-16 
001U    $0utf8 
001X    $00 
002@    $0Aox 
003@    $0392063697 
007A    $0392063697 $aHEB 
007T    $0Herd08717 
010@    $ager 
011@    $a1996 
021A    $aDie @Universitätsstadt Greifswald am Ende des 18. Jahrhunderts und in der ersten Hälfte des 19. Jahrhunderts - Ort kultureller Provinzialität in Pommern? 
028A    $#Handschel, Birgit $7111403456 $8Dahlenburg, Birgit$Z1959-2017 [Tp1] $9145941752 
031A    $h243-253 $j1996 
039B    $aIn $8--Aau--. Pommern. - Greifswald : Steinbecker Verl. Rose, 1996. - 468 S.. - Ill., Kt.. - ISBN 3-931483-08-8 $x199600000000000757 $9050939963 
045F    $a307.0943816 $eDDC23BSB 
045F/01 $a307.09 
045F/03 $g43816 

lok: 39206369 78

exp: 39206369 78 1 #EPN
201B/01 $008-02-21 $t23:16:44.000 
201U/01 $0utf8 
203@/01 $0788159666 
208@/01 $a11-11-16 $be 
209A/01 $a/ $f000 $x00 
220C/01 $aTitelaufnehmer: nk 
244Z/01 $2Trx $#Pomeranija $#Pommern $#Pomoransko $#Pomořansko $#Hinterpommern;Vorpommern;Mittelpommern $#Pomorze Środkowe;Pomorze Przednie $#Pomořansko;Západní Pomořany; Pomořany $8--Trx--Pomorze Zachodnie $x01 $9391303775 
244Z/01 $#Greifswald $#Gryphisvaldia $#Universitäts- und Hansestadt Greifswald $#Hansestadt Greifswald $#Gryphiswaldiae $#Greifsvaldas $#Gryfia $#Gryphia $74021965-3 $8--Tg1--Greifswald $x02 $9085053651 
244Z/01 $aGeschichte 1788-1853 $x03 
244Z/01 $2Trx $8--Trx--Quistorp, Johann Gottfried$Z1755-1835 $x04 $9390611611 
244Z/01 $2Trx $8--Trx--Schildener, Karl$Z1777-1843 $x05 $9390639966 
244Z/01 $7119360942 $8--Tp1--Titel, Wilhelm$Z1784-1862 $x06 $9087700751 
244Z/01 $2Trx $8--Trx--Menzel, Carl August Peter$Z1794-1853 $x07 $939068645X 
244Z/01 $2Trx $#ülikoolid $#universitetai $#universitāte $#Universities $#egyetemek $#uniwersytety $#univerzity $#univerzity $#Hochschulen $#vysoké školy $8--Trx--Universitäten $x08 $9391373862 
244Z/01 $2Trx $#maalrid $#dailininkai $#painters artists $#festö $#malarze artyści $#maliari $#malíři $8--Trx--Maler$gKünstler $x09 $9391383302 
244Z/01 $2Trx $#kunstnikud $#menininkai $#artists $#müvész $#artyści plastycy $#umelci $#umělci $8--Trx--Künstler $x10 $9391365630 
244Z/01 $2Trx $8--Trx--Einzelbeiträge $x11 $9391384570 
245Z/01 $a13.03 $x01 
245Z/01 $a11.10 $x02 
247C/01 $82080>Marburg/Lahn, Herder-Institut, Forschungsbibliothek, Bibliographieportal $9336309341
LEADER 00000caa a22000002c 4500
001 392063697
003 DE-603
005 20210516202226.0
007 tu
008 161111s1996 xx |||| | u00||u|ger c
035 |a (DE-599)HEB392063697 
040 |a DE-603  |b ger  |c DE-603  |d DE-603 
041 |a ger 
082 0 4 |8 1\u  |a 307.0943816  |q DE-101  |2 23/BSB 
085 |8 1\u  |b 307.09 
085 |8 1\u  |z 2  |s 43816 
100 1 |a Dahlenburg, Birgit  |d 1959-2017  |0 (DE-603)145941752  |0 (DE-588)111403456  |2 gnd 
245 0 0 |a ˜Dieœ Universitätsstadt Greifswald am Ende des 18. Jahrhunderts und in der ersten Hälfte des 19. Jahrhunderts - Ort kultureller Provinzialität in Pommern? 
264 0 |c 1996 
773 0 8 |i In  |t Pommern  |d Greifswald : Steinbecker Verl. Rose, 1996  |h 468 S., Ill., Kt.  |z 3931483088  |g (1996), Seite 243-253  |w (DE-603)050939963 
924 0 |9 2080  |a (DE-603)788159666  |b DE-2080  |c HES  |d d  |g /